01331 2200217 4500001002100000005001500021035002000036007000300056008004100059020002200100100001400122245007500136260004500211300003400256082001200290084001800302250000600320650002600326500072500352990003601077INLIS00000000000690220251013104424 a0010-0925000030ta251013 0 ind  a978-602-7821-75-01 aAntariksa1 aTeori & Metode Pelestarian Arsitektur & Lingkungan Binaan /cAntariksa aYogyakarta :bCahaya Atma Pustaka,c2017 av, 223 hlm. :bilus. ;c21 cm a720.288 a720.288 Ant t a- 4aKonservasi Arsitektur aPelestarian merupakan bagian penting yang bertujuan untuk melindungi bangunan-bangunan peninggalan arsitektur masa lalu. Arsitektur masa lalu mempunyai karakter visual, spasial dan strukturalnya yang melekat pada bangunan di samping nilai sejarahnya. Pelestarian arsitektur dan lingkungan binaan bertujuan untuk menidentifikasi dan menagalisis karakter-karakter arsitektural, yang meliputi karakter visual, spasial dan strutural bangunannya. Pada tahan berikutnya hasil temuan dari karakter visual, spasial dan struktural dilakukan analisis dengan menggunakan makna kultural. Hasil dari analisis makna kultural dapat diketahui tingkat potensialnya yang kemudian dijadikan arahan untuk menentukan strategi pelestariannya. ac.1/130/Polbangtan Yoma/ha/2025